[Event "Madrid Magistral 7th"]
[Site "Madrid"]
[Date "1998.05.14"]
[Round "4"]
[White "Krasenkow, Michal"]
[Black "Leko, Peter"]
[Result "1/2-1/2"]
[WhiteElo "2660"]
[BlackElo "2670"]
[Annotator "Ftacnik,L"]
[PlyCount "85"]
[EventDate "1998.05.11"]
[EventType "tourn"]
[EventRounds "9"]
[EventCountry "ESP"]
[EventCategory "17"]
[SourceTitle "CBM 065"]
[Source "ChessBase"]
[SourceDate "1998.08.06"]
[SourceVersion "1"]
[SourceVersionDate "1998.08.06"]
[SourceQuality "1"]

{[%mdl 324]} 1. d4 Nf6 2. c4 g6 3. Nc3 d5 4. cxd5 Nxd5 5. e4 Nxc3 6. bxc3 Bg7
7. Nf3 c5 8. Rb1 O-O 9. Be2 cxd4 10. cxd4 Qa5+ 11. Bd2 Qxa2 12. O-O Bg4 13. Be3
(13. Bg5 h6 14. Be3 Nc6 15. d5 Na5 16. Bc5 (16. Rb4 $1 b6 17. e5 $1 Bxf3 $6 18.
Bxf3 Rac8 19. d6 $1 exd6 20. exd6 $1 Nc4 21. Bf4 $1 $16 {Lautier,J-Anand,V/
Linares/1994/1-0 (34)}) 16... Bf6 (16... Bxf3 17. Bxf3 Rfe8 (17... Bf6 18. e5
Bxe5 19. Bxe7 $16) 18. Re1 b6 (18... Be5 19. Re2 Qc4 20. Rc2 Qa4 21. Bxe7 $1
$16) 19. Re2 Qc4 20. Rc2 Qa4 (20... Qa6 21. Be2 Qb7 22. Bb4 Qd7 23. Bxa5 bxa5
24. Bb5 $18) 21. Bxe7 $1 Nc4 (21... Rxe7 22. Rc8+ Rxc8 23. Qxa4 $18) 22. d6 Bf8
(22... Ne5 23. Rc7 Nxf3+ 24. Qxf3 Rec8 25. Qd1 $1 $18) 23. e5 {1-0 Sherbakov,
R-Vorontsov,N/Kurgan/1995/ (40)}) 17. e5 Bxe5 18. Rb4 (18. h3 Bxf3 (18... Rfd8
$5 19. hxg4 Rxd5 20. Bd4 $1 (20. Qc1 $2 Rc8 21. Qxh6 Rcxc5 22. Nxe5 Rxe5 $17)
20... Bxd4 (20... Nc6 $2 21. Ra1 $18) 21. Nxd4 Rad8 $1 (21... e5 22. Qc2 Qxc2
23. Nxc2 Rd2 24. Bd1 {/\ Ne3, Bf3+/-}) 22. Qc2 $1 (22. Rb4 $2 Nc6 23. Ra4 Qb2
$19) 22... Qxc2 23. Nxc2 Rd2 24. Rfd1 (24. Bd1 Nc4 $44) 24... Nc4 $1 $44 {
Strelbin-Nadanian,A/USSR/1991/}) 19. Bxf3 Rae8 (19... Rfe8 20. d6 $1 Qc4 (20...
exd6 21. Bd5 Nc4 22. Rxb7 $16) (20... Qe6 21. d7 Red8 22. Qa4 $16) 21. d7 $1 (
21. Rc1 Qf4 22. g3 Qf6) 21... Qxc5 22. dxe8=Q+ Rxe8 23. Qa4 Nc6 24. Rxb7 (24.
Rfc1 Qd4 25. Rc4 Qd7 26. Rxc6 bxc6 27. Bxc6 Qf5 28. Be4 Qc8) 24... Rc8 25. Bxc6
(25. Rb5 Qc3 26. Bxc6 Qxc6) 25... Rxc6 26. Rxe7 {Gelfand,B-Ivanchuk,V/Tilburg/
1990/1-0 (62)} (26. Rb5 Qd4 27. Rb8+ Kg7 $10)) (19... Bd6 $2 20. Bxd6 exd6 21.
Ra1 $18) (19... Bf6 20. d6 e6 21. d7 Rfd8 22. Bxb7 Nxb7 23. Rxb7 $14) (19...
Nc4 $6 20. Bxe7 Nd2 21. Qe2 $1 $16) 20. d6 exd6 21. Bd5 Nc4 22. Qd3 (22. Qg4
dxc5 23. Qxg6+ Bg7 24. Rxb7 Ne5 25. Qxg7+ Kxg7 26. Bxa2 Rb8 $5 27. Rxa7 Ra8 $10
) 22... Qd2 23. Qxc4 dxc5 24. Rxb7 Qf4 25. Qxf4 {1/2-1/2 Cording,T-Moll,R/
FRG-chT qual corr/1991/}) 18... Bxf3 (18... Rfd8 19. Rxg4 Rxd5 20. Ra4 $1 $18)
19. Bxf3 Rae8 (19... Bf6 $2 20. Ra4 Qb3 21. Rxa5 Qxd1 22. Rxd1 b6 23. d6 Rac8 (
23... exd6 24. Bxb6 $18) (23... bxa5 24. dxe7 Rfc8 25. Bxa8 Rxa8 26. Rd7 $18)
24. d7 Rcd8 (24... bxa5 25. dxc8=Q Rxc8 26. Bxa7 $18) 25. Bxe7 $1 Bxe7 (25...
bxa5 $2 26. Bxf6 $18) 26. Rxa7 $16 {1-0 Kramnik,V-Timman,J/Novgorod/1995/ (31)}
) 20. Be3 (20. Bxa7 Bc3 (20... b5 21. Bd4 Bxd4 22. Qxd4 Nc4 23. Ra1 Qc2 24. Be4
Qe2 25. Bf3 Qc2 26. Rxb5 Nd2 {1/2-1/2 Timoshchenko,G-Kyas,J/Werfen op/1995/ 
(30)}) 21. Ra4 Qb3 22. Be3 Qxd1 23. Rxd1 b5 24. Ra3 Bb4 25. Ra2 Kh7 26. Rb1 {
1/2-1/2 Kohlweyer,B-Roeber,B/Nuernberg Weilburg op/1996/}) (20. Ra4 $2 Qb3 21.
Rxa5 Qxd1 22. Rxd1 b6) 20... Nc4 (20... Bc3 21. Ra4 (21. Bxh6 Bxb4 22. Qd4 f6
$14) 21... Qb2 (21... Qb3 22. Bxh6 Qxd1 23. Rxd1 b5 24. Ra3 Bb4 25. Ra2 $16)
22. Bxh6 (22. Qd3 $1 {/\ Rb1} b5 (22... Qb3 23. Rxa5 $18) 23. Bc1 bxa4 (23...
Qb3 24. Rxa5 $18) 24. Bxb2 Bxb2 25. d6 $4 (25. Qd2 Nc4 26. Qc2 Rc8 27. Be2 Ne3
28. Qxb2 Nxf1 29. Kxf1 $18) 25... Bf6 $1 $14 {1/2-1/2 Kramnik,V-Anand,V/Riga/
1995/ (40)}) 22... b5 23. Re4 Bg7 24. Re2 Qf6 25. Bxg7 Kxg7 26. Ra2 Nc4 27.
Rxa7 Rb8 {1/2-1/2 Kipper,J-Karius,T/DLM/1996/ (35)}) (20... b6 21. Bxh6 Bg7 $16
) 21. Bxh6 (21. Ra4 $2 Nxe3) 21... Nd6 22. Bxf8 Kxf8 $5 (22... Rxf8 23. h4 $5 (
23. Ra4 Qb2 24. Rxa7 Rc8 $132) 23... Rc8 {/\ Qc2} (23... b5 24. Rg4 $40) 24.
Be4 (24. h5 g5 $1) 24... Qa5 (24... Rc4 25. Bb1 Qa5 26. Rxc4 Nxc4 27. h5 $40) (
24... a5 25. Bb1 Qa3 26. Rg4) (24... Bc3 $5 25. Ra4 Qd2 26. Qg4 b5 27. Rxa7 Rc4
28. Rxe7 Bf6 29. Re6 fxe6 30. Qxg6+ Bg7 31. Qxe6+ Kh8 $1 $13) 25. Ra4 Qb5 26.
Bb1 $14 {Kramnik,V-Anand,V/Dos Hermanas/1996/1-0 (101)}) 23. Ra4 Qb2 24. Rxa7
Rc8 25. Qa4 b5 26. Qa3 Qxa3 27. Rxa3 b4 28. Rb3 Bc3 29. h3 Nb5 30. Rfb1 Nd4 {
1/2-1/2 Agrest,E-Hellers,F/Stockholm/1996/}) 13... Nc6 14. d5 Na5 $5 {Leko
understands very well, that in this line black can benefit from the fact, that
his h pawn is not exposed on h6.} (14... Ne5 15. Rxb7 e6 $13) 15. Bc5 Bf6 16.
e5 Bxe5 17. Rb4 (17. h3 Rfd8 $5 18. hxg4 Rxd5 $13) 17... Bxf3 18. Bxf3 Rae8 19.
Bxa7 {The sad neccesity, with pawn on h6 the main line is 17.Be3.} (19. Ra4 $2
Qb3 20. Rxa5 Qxd1 21. Rxd1 b6 $17) 19... b5 (19... Bc3 $5 20. Ra4 Qb2 (20...
Qb3 21. Qxb3 Nxb3 22. Ra3 Bd4 23. Rxb3 Bxa7 24. Rxb7 Bc5 $11) 21. Qb1 Qxb1 22.
Rxb1 Ra8 23. Bc5 Rfe8 $15) 20. Rxb5 Nc4 21. Qe2 (21. Bc5 Nd2 22. Re1 Nxf3+ 23.
Qxf3 Qc4 $11) 21... Qxa7 (21... Qxe2 22. Bxe2 Nd6 23. Ra5 Ra8 $11) 22. Qxc4 Rc8
{Now it is black hoping for a bit more than equality even though his chances
for success are small.} 23. Qe2 Bd6 24. Rbb1 (24. Rb3 Qa4 25. Rfb1 $11) 24...
Rc3 25. g3 (25. Rfc1 Rfc8 (25... Bxh2+ $2 26. Kxh2 Qc7+ 27. d6 $1 Qxd6+ 28. Kg1
$16) 26. Qd2 Rxc1+ 27. Rxc1 Rxc1+ 28. Qxc1 Qd4 $15) 25... Rfc8 26. Rb2 Qd4 27.
Rd2 (27. Rd1 Rc1 28. Rxc1 Rxc1+ 29. Kg2 $15) 27... Qf6 28. Be4 h5 29. h4 R8c4 (
29... Bxg3 $6 30. fxg3 Rxg3+ 31. Bg2 Qxh4 32. Qf2 f5 33. Qe1 $14) (29... Bc5
30. Rd3) 30. Rd3 Rxd3 $6 {Giving up a great part of a hope, playing with more
pieces offered a bit more chances.} (30... Rc2 $5 31. Qf3 Qxf3 32. Bxf3 Rb2 $15
) 31. Qxd3 Rc3 32. Qd2 Bb4 (32... Bxg3 33. fxg3 Rxg3+ 34. Bg2 Qxh4 35. Qf2 f5
$11) 33. Qe2 Bc5 34. Kg2 Kg7 35. Rd1 Qe5 36. Bf3 (36. Rd3 Rc4 37. Bf3 Qxe2 38.
Bxe2 Rc2 39. Kf1 $11) 36... Qxe2 37. Bxe2 Rc2 38. Kf1 Kf6 39. Rd3 Ke5 40. Rf3
$1 f5 (40... f6 41. Bd3 Rc1+ 42. Kg2 f5 43. Bb5 $11) 41. Bb5 $1 Bd4 (41... Kxd5
$2 42. Be8 $16) 42. Be8 Kf6 43. Bd7 1/2-1/2

[Event "Leon"]
[Site "Leon"]
[Date "1997.06.12"]
[Round "8"]
[White "Granda Zuniga, Julio E"]
[Black "Sion Castro, Marcelino"]
[Result "1/2-1/2"]
[WhiteElo "2620"]
[BlackElo "2440"]
[Annotator "Ftacnik,L"]
[PlyCount "65"]
[EventDate "1997.06.05"]
[EventType "tourn"]
[EventRounds "9"]
[EventCountry "ESP"]
[EventCategory "10"]
[SourceTitle "CBM 060"]
[Source "ChessBase"]
[SourceDate "1997.09.29"]
[SourceVersion "1"]
[SourceVersionDate "1997.09.29"]
[SourceQuality "1"]

1. d4 Nf6 2. c4 g6 3. Nc3 d5 4. cxd5 Nxd5 5. e4 Nxc3 6. bxc3 Bg7 7. Ba3 b6 8.
Bc4 Bb7 9. Qf3 O-O 10. h4 (10. Ne2 c5 11. O-O Nc6 12. Bd5 e6 13. Bxc6 Bxc6 14.
dxc5 Qe7 15. Nd4 Ba4 16. Qe3 Rac8 17. Nb3 Rfd8 18. Rfd1 Rxd1+ 19. Rxd1 bxc5 20.
Rd3 Bxb3 21. axb3 Qc7 22. g3 h5 {Granda Zuniga,J-Yermolinsky,A/Wijk Hoogovens
1997/0-1 (53)}) 10... h6 (10... h5 11. g4 $5 c5 12. gxh5 $40) 11. Ne2 c5 12.
Qe3 Qd7 13. Bb3 (13. dxc5 Qa4 14. Bb4 Nc6 (14... bxc5 15. Bb3 Qd7 16. Bxc5 Na6
$15) 15. Bb3 Qb5 16. a4 Qa6 $13) 13... cxd4 14. cxd4 Nc6 15. Rd1 Na5 16. d5 (
16. O-O Rac8) 16... Rac8 17. h5 g5 18. O-O (18. f4 Nxb3 19. axb3 gxf4 20. Qxf4
Rc2 $17) 18... Nc4 (18... Nxb3 19. axb3 (19. Qxb3 Ba6 20. Rd2 f5 $15) 19... Rc2
20. f4 $13) 19. Bxc4 (19. Qc1 Nb2 $19) 19... Rxc4 20. f3 (20. Rc1 Ba6 $15)
20... Rfc8 21. Qb3 (21. Rc1 Rc2 $15) 21... Rc2 22. Ng3 R8c3 23. Qb1 (23. Qb4 $2
Rxa2 $1 24. Qxe7 Rcc2 $19) 23... Ba6 (23... Qc7 24. d6 exd6 25. Bxd6 Qc4 26.
Bb4 Rd3 $17) 24. Rfe1 g4 25. Nf5 gxf3 (25... Rxg2+ 26. Kxg2 Rxa3 27. fxg4 $1
$16 (27. Nxg7 $2 gxf3+ 28. Kh2 Qg4 $19)) 26. gxf3 (26. Nxe7+ $4 Kh7 27. gxf3
Qh3 $19) 26... Be2 27. Rc1 (27. Nxe7+ Kh8 28. Nf5 Bxf3 $19) 27... Qxf5 $2 (
27... Rxc1 $1 28. Bxc1 (28. Rxc1 Rxa3 29. Nxg7 Qh3 $19) 28... Bxf3 29. Bxh6
Bd4+ 30. Kf1 Qa4 $17) 28. exf5 (28. Rxc2 Bd4+ 29. Kh2 Qxh5+ $19) 28... Bd4+ 29.
Kh2 (29. Kg2 Bxf3+ 30. Kg3 Bxd5+ 31. Kg4 Rg2+ 32. Kh4 Bf6#) 29... Be5+ 30. Kg1
(30. f4 Bxf4+ 31. Kg1 Rg3+ 32. Kf2 Rf3+ $11) (30. Kh3 Rxf3+ 31. Kg4 Rf4+ 32.
Kg3 Rxf5+ $19) 30... Bd4+ 31. Kh2 Be5+ 32. Kg1 Bd4+ 33. Kh2 1/2-1/2

[Event "Ciocaltea Memorial"]
[Site "Bucharest"]
[Date "1998.??.??"]
[Round "12"]
[White "Yegiazarian, Arsen"]
[Black "Aronian, Levon"]
[Result "1/2-1/2"]
[WhiteElo "2455"]
[BlackElo "2455"]
[Annotator "Ftacnik,L"]
[PlyCount "21"]
[EventDate "1998.02.??"]
[EventType "tourn"]
[EventRounds "13"]
[EventCountry "ROU"]
[EventCategory "11"]
[SourceTitle "CBM 064"]
[Source "ChessBase"]
[SourceDate "1998.06.02"]
[SourceVersion "1"]
[SourceVersionDate "1998.06.02"]
[SourceQuality "1"]

1. d4 Nf6 2. c4 g6 3. Nc3 d5 4. cxd5 Nxd5 5. Na4 $5 {Interesting attempt to
refute the Gruenfeld indian as we know it.} e5 $1 (5... Bg7 6. e4 (6. Nf3 O-O (
6... Bg4 7. Ne5 $14) (6... Bf5 7. Nc5 b6 8. e4 $1 bxc5 9. exf5 cxd4 10. Nxd4
O-O $14) 7. e4 Nb6 (7... Nf6 8. Bd3 Bg4 9. e5 Nd5 10. Be4 $1 Nc6 11. Nc3 $14)
8. Be3 (8. Be2 Bg4 (8... Nxa4 9. Qxa4 b6 10. Be3 Bb7 11. Qc2 Nd7 12. Rd1 e6 13.
O-O h6 14. Bb5 c6 15. Bxc6 Rc8 16. d5 Nb8 17. Qc1 exd5 18. exd5 Nxc6 19. dxc6
Qf6 20. Bxh6 Bxc6 {1/2-1/2 Nadanian,A-Pelletier,Y/Cannes op18th 1997 (24)}) (
8... Nc6 9. d5 Ne5 10. Nxe5 Bxe5 11. O-O e6 12. dxe6 Bxe6 13. Nc5 Bc4 14. Bxc4
Nxc4 15. Qc2 Nd6 16. Be3 $14 {Nadanian,A-Yegiazarian,A/Armenia/1997/}) 9. Be3
Nc6 (9... Nxa4 10. Qxa4 c5 $1 11. Rd1 cxd4 12. Bxd4 (12. Nxd4 $5) 12... Bxd4
13. Rxd4 $5 (13. Nxd4 Bxe2 14. Kxe2 Qb6 $11) 13... Qb6 14. Rb4 Qc7 15. Qb3 $2 (
15. O-O Nc6 $11) 15... Nc6 $3 (15... b6 $6 16. O-O $14) 16. Qc3 $8 (16. Rxb7 $2
Qc8 $1 {/\ Na5-+} 17. Rb5 Bxf3 {/\ Nd4-+}) 16... Rac8 17. Rc4 Qb6 18. O-O Rfd8
$1 $17 {0-1 Nadanian,A-Malisauskas,V/Minsk/1997/ (32)}) 10. Nxb6 axb6 11. d5
Bxf3 12. Bxf3 Nb4 (12... Ne5 13. Be2 $14) 13. Qb3 Bxb2 14. Rd1 (14. Rb1 Ra3 $19
) 14... Ba3 15. O-O $44 {Nadanian,A-Belov,V/Minsk/1997/}) 8... Nxa4 9. Qxa4 c5
10. Rd1 (10. Rb1 Bd7 11. Qb3 cxd4 12. Nxd4 Qa5+ 13. Qc3 Qxa2 14. Rc1 Nc6 15.
Bc4 Qa5 16. Qxa5 Nxa5 17. Bd5 e6 18. Ba2 Nc6 19. Rd1 Rfd8 20. Rd2 Nxd4 21. Bxd4
Bxd4 22. Rxd4 Bc6 {0-1 Grote,D-Kreiman,B/Wichern op 1997 (40)}) 10... Qb6 (
10... Bd7 11. Bb5 cxd4 12. Bxd4 Bxd4 13. Nxd4 Bxb5 14. Qxb5 Qc7 15. O-O a6 16.
Qg5 Nc6 17. Rc1 Qe5 18. Qxe5 Nxe5 19. Rc7 Rfd8 20. Nb3 Rd7 21. Rxd7 Nxd7 22.
Rc1 {Kharlov,A-Vakhidov,T/Anibal op4th 1997/1-0 (40)}) 11. Rd2 Bd7 12. Qa3 cxd4
13. Nxd4 Rc8 14. Be2 Qc5 15. Qb3 Qb6 16. Qa3 Qc5 17. Qxc5 Rxc5 18. O-O Rc8 19.
Nb3 Be8 20. Bg4 e6 21. Nc5 {1-0 Jelen,I-Kos,T/SLO-ch 1997/ (35)}) 6... Nb6 (
6... Nf6 7. f3 (7. Bd3 O-O 8. Ne2 Nc6 9. e5 Nd5 10. O-O Nb6 11. Be3 Nxa4 12.
Qxa4 Nxe5 13. Be4 Ng4 14. h3 Nxe3 15. fxe3 c6 16. Nc3 Qb6 17. Qb3 Qxb3 18. axb3
f5 19. Bc2 Be6 20. b4 Bc4 21. b3 Bxf1 {0-1 Groeppel,P-Schirm,F/Wichern op 1997}
) 7... O-O 8. Be3 Nbd7 9. Rc1 c6 10. Bd3 e5 11. Ne2 exd4 12. Bxd4 Re8 13. O-O
Ne5 14. Bb1 Qc7 15. a3 Be6 16. Nc5 Rad8 17. Nxe6 Rxe6 18. Ba2 Re7 19. Qa4 b5
20. Qc2 Neg4 21. fxg4 Nxg4 22. e5 {1-0 Vark,L-Lelumees,B/Tallinn op 1997 (28)})
7. Nxb6 (7. Be3 O-O 8. Nf3 (8. Rc1 Nc6 9. d5 Nxa4 10. Qxa4 Ne5 11. h3 c6 12. f4
Nd7 13. dxc6 bxc6 14. e5 Nb6 15. Qxc6 Be6 16. Rd1 Nd5 17. Qa4 Rb8 18. b3 Qc8
19. Rc1 Qb7 20. Bd2 Rfc8 {0-1 Kharlov,A-Krasenkow,M/Polish TV k.o. 1997 (25)})
(8. Nc5 f5 $1) 8... Nxa4 (8... Nc6 9. Nc5 (9. h3 $5 Qd6 10. Nc5 Rd8 11. d5 Ne5
{/\ 12...Nec4, 12...c6}) 9... Bg4 $1 10. d5 (10. Nxb7 Qb8 11. Ba6 Nb4 12. Nc5
Bxf3 13. gxf3 Rd8 14. Rc1 Bxd4 $1 15. Bxd4 e5 16. Qb3 Rxd4 17. Bb7 Nd7 $1 18.
Nxd7 Qxb7 $17 {/\ Re4!}) 10... Ne5 11. Rc1 (11. Nxb7 Qb8 12. Ba6 f5 $1 $17)
11... e6 $1 12. Nxb7 Qf6 13. Be2 exd5 14. exd5 Nxf3+ 15. Bxf3 Bxf3 16. Qxf3
Qxf3 17. gxf3 Nxd5 $17 {Kinsman,A-Roos,D/France/1997/}) (8... Bg4 9. Nc5 N6d7
10. Nxb7 Qc8 11. Na5 c5 12. Rc1 Nc6 13. Nxc6 Qxc6 14. Qc2 Bxf3 15. gxf3 Qf6 16.
dxc5 Ne5 17. Be2 Nxf3+ 18. Kf1 Nd4 {Zaja,I-Balinov,I/Solin 1997/0-1 (47)}) 9.
Qxa4 c5 10. Rd1 Bd7 11. Bb5 cxd4 12. Bxd4 Bxd4 13. Nxd4 Bxb5 14. Qxb5 Qc7 15.
O-O a6 16. Qg5 Nc6 17. Rc1 Qe5 18. Qxe5 Nxe5 19. Rc7 Rfd8 20. Nb3 Rd7 21. Rxd7
Nxd7 22. Rc1 {1-0 Kharlov,A-Vakhidov,T/Anibal op4th 1997/ (39)}) 7... axb6 8.
Be3 O-O 9. Qd2 c5 10. Nf3 cxd4 11. Bxd4 Bxd4 12. Nxd4 Ra4 13. b4 Qd6 14. a3 Qe5
15. Bb5 Qxe4+ 16. Qe3 Qxg2 17. Qf3 Qxf3 18. Nxf3 Ra8 {0-1 Kallio,H-Holmsten,A/
Tampere Elo Taraus op 1997/Fat/ GJ 9607 (34)}) (5... Nc6 6. e4 Ndb4 $6 (6...
Nb6 7. Be3 Bg7 8. d5 Ne5 9. Nc5 c6 10. dxc6 Qxd1+ 11. Rxd1 Nxc6 12. Rd2 $14) 7.
a3 Qxd4 8. axb4 Qxe4+ 9. Be2 $1 Nxb4 10. Nc3 $1 Qf5 (10... Nc2+ $2 11. Kf1 Qf5
12. Bd3 $18) (10... Qc2 $2 11. Qd4 $18) (10... Qd4 $5 11. Nb5 Qc5 12. Kf1 $16)
11. Qa4+ Nc6 12. Nb5 $16 {Nadanian,A-Arakelian,A/Armenia/1997/}) (5... Bf5 6.
Nc5 b6 7. e4 $1) (5... Nf6 6. f3 (6. Bf4 Bg7 7. Rc1 c6 8. e3 $14) 6... Nc6 7.
e3 e5 8. Bb5 exd4 9. Bxc6+ bxc6 10. Qxd4 Ba6 11. Ne2 Qxd4 12. Nxd4 c5 13. Nb3
Nd7 14. Bd2 Bd6 15. Bc3 O-O 16. Nd2 f5 17. Kf2 Rfe8 18. b3 Nb6 19. Rhe1 Nxa4
20. bxa4 Bd3 {1/2-1/2 Tyrtania,M-Lang,J/BL2-N9697 1997/BL2-N (31)}) (5... e6 6.
e4 Nb6 7. Nf3 $14) 6. dxe5 (6. e4 $6 Nf6 7. Bg5 exd4 $1 8. e5 Bb4+ 9. Nc3 Qd7
$1 $17) (6. a3 e4 7. e3 Bd6 8. Qc2 Qe7 9. Nc3 Nxc3 10. bxc3 Nd7 $13) 6... Bb4+
7. Bd2 Ne3 $5 8. fxe3 (8. Qc1 $6 Bxd2+ 9. Qxd2 Qxd2+ 10. Kxd2 Nc4+ $11) 8...
Bxd2+ (8... Qh4+ $2 9. g3 Bxd2+ 10. Kxd2 Qb4+ 11. Kc1 $18) 9. Kf2 {With
tripple pawn on e file white can not hope to make much progress if he gives up
the bishop.} (9. Qxd2 Qh4+ 10. g3 Qxa4 11. Qd4 (11. Bg2 $5) 11... Qa5+ (11...
Qd7 $2 12. e6 $1 Qxd4 13. exf7+ Kxf7 14. exd4 $18) (11... Qc6 $5 12. Nf3 O-O
13. Bg2 $14) 12. b4 Qa3 $1 (12... Qb6 13. Bg2 $1 (13. Rb1 $5 Nc6 14. Qc3 Bf5
15. Rb2 Be4 16. Nf3 O-O 17. Bh3 $1 Rae8 18. Kf2 $1 Bxf3 19. exf3 Rxe5 20. f4
$14) 13... O-O (13... Na6 $6 14. a3 c5 15. bxc5 Qa5+ 16. Kf2 Nxc5 17. Rc1 $1
Nb3 18. Qc3 Qxc3 19. Rxc3 Na5 20. Rc5 $1 Nb3 21. Rb5 Nd2 22. Bd5 $18) (13...
Nc6 $5 14. Bxc6+ Qxc6 15. Nf3 Bh3 16. Kf2 Qe6 17. Ng5 Qf5+ 18. Qf4 {/\ e4} h6
19. Ne4 O-O-O 20. Rac1 $16) 14. Rc1 $1 Be6 $1 15. a4 $1 (15. Qxb6 $6 axb6 16.
Rxc7 Na6 $1 17. Rxb7 Nxb4 18. Rxb6 Nc2+ 19. Kf2 Ra3 $3 $11) 15... c6 $6 (15...
Nd7 $16) (15... Na6 16. b5 Qa5+ 17. Kf2 Nb4 18. Nf3 Rad8 (18... Qxa4 $2 19. Rb1
Bb3 20. Qc3 $18) 19. Qh4 $1 $16 {Nadanian,A-Salimov/corr/1996/}) 16. Nf3 Rd8 (
16... Nd7 17. Ng5 $16 {->}) 17. Qf4 $16 {->>>} Na6 18. Rb1 (18. Qh6 $2 Qxb4+
19. Kf2 Qf8) 18... c5 19. b5 (19. Qh6 $5 Nxb4 20. O-O f6 $8 21. exf6 Rd7 22.
Ne5 Rf7 $8 {+/-->}) 19... Nb4 $2 $138 (19... Kg7 20. O-O $16 {->}) 20. Qh6 $18
{1-0 Nadanian,A-Akopian,V/Armenia 67/538 1996/[Nadanian,A] (25)}) (12... Qa6
13. Bg2 $1 $14) 13. e6 O-O 14. exf7+ Rxf7 15. Bg2 (15. Qd8+ Kg7 16. Qd4+ Kg8
$11) 15... Be6 $1 16. Nh3 $8 (16. Bxb7 c5 17. Qd8+ Kg7 $19) (16. Be4 c5 17.
Qxc5 Na6 18. Qd4 Rc8 19. Nf3 Rc4 $19) (16. Rb1 Bxa2 17. Ra1 Rd7 18. Bd5+ Rxd5
19. Qxd5+ Bxd5 20. Rxa3 Bxh1 $19) (16. Nf3 Nc6 $17) 16... Bxh3 17. Qd8+ Kg7 18.
Qd4+ Kg8 (18... Rf6 $2 19. Rf1 Bf5 20. g4) 19. Qd8+ {1/2-1/2 Kharlov,A-Herrera,
I/Ubeda/1997/}) 9... Nc6 10. Nf3 Bb4 11. a3 1/2-1/2

[Event "RUS-Cup02"]
[Site "Moscow"]
[Date "1998.??.??"]
[Round "7"]
[White "Danielian, Oganes"]
[Black "Yandemirov, Valeri"]
[Result "1-0"]
[WhiteElo "2450"]
[BlackElo "2545"]
[Annotator "Ftacnik,L"]
[PlyCount "85"]
[EventDate "1998.01.21"]
[EventType "swiss"]
[EventRounds "9"]
[EventCountry "RUS"]
[SourceTitle "CBM 063"]
[Source "ChessBase"]
[SourceDate "1998.03.26"]
[SourceVersion "1"]
[SourceVersionDate "1998.03.26"]
[SourceQuality "1"]

1. d4 Nf6 2. c4 g6 3. Nc3 d5 4. cxd5 Nxd5 5. e4 Nxc3 6. bxc3 Bg7 7. Bb5+ Nc6 8.
Nf3 O-O 9. O-O (9. Bg5 Na5 10. O-O b6 11. Qd2 c6 12. Be2 Be6 13. Rad1 Qd6 14.
Qc2 Bc4 15. Rfe1 Rfe8 16. Bh4 Qa3 17. Bxc4 Nxc4 18. Qb3 Qxb3 19. axb3 Na5 20.
Rb1 c5 21. b4 Nc4 22. bxc5 bxc5 23. dxc5 a5 {Atalik,S-Yandemirov,V/Heraklio op
1993/0-1 (53)}) 9... Na5 (9... Bd7 10. Rb1 Re8 11. Bxc6 bxc6 12. Ba3 Bg4 13. h3
Bxf3 14. Qxf3 e5 15. dxe5 Rxe5 16. Rb7 Rb5 17. Rb1 Rxb7 18. Rxb7 Rb8 19. Rxb8
Qxb8 20. Qd3 Bf8 21. Bxf8 Kxf8 22. a4 {Neverov,V-Hachian,M/Moscow6 1995/1/2-1/
2 (88)}) 10. Ba3 (10. h3 b6 11. Bg5 Bb7 12. Qe2 c6 13. Ba4 Qd6 14. Bc2 Rfe8 15.
e5 Qe6 16. Be4 c5 17. Bxb7 Nxb7 18. Qe4 Nd6 19. Qf4 Nc4 20. Rfe1 cxd4 21. cxd4
b5 {1/2-1/2 Khenkin,I-Yandemirov,V/Heraklio op 1993 (29)}) (10. Be3 b6 11. Rc1
Bb7 12. Bd3 Qd7 13. Qe2 Rfd8 14. Rfd1 Rac8 15. c4 c5 16. d5 e6 17. Bd2 exd5 18.
cxd5 c4 19. Bb1 c3 20. Be3 Nc4 21. Bd4 Na3 22. Bxg7 Kxg7 23. Bd3 Qa4 24. Qe3 {
1-0 Beliavsky,A-Filipovic,B/JUG-chT2 1993 (39)}) (10. Bg5 $5 c6 11. Bd3 Be6 12.
Qe2 b5 13. Nd2 $1 (13. a4 $6 Nb3 14. Ra3 Qd6 15. Qb2 bxa4 16. Rxa4 Nc5 $1)
13... a6 14. a4 Qc7 15. Ra3 $1 c5 $1 (15... Rad8 16. Rfa1 Nb7 17. axb5 axb5 18.
Ra7 $16) 16. axb5 cxd4 $1 (16... c4 17. Bc2 axb5 18. d5 $1 Bc8 19. Rfa1 $16)
17. cxd4 Bxd4 18. bxa6 {0-1 Yakovich,Y-Yandemirov,V/Russia (ch) 1995 (33)})
10... c6 11. Bd3 Be6 12. Qe2 (12. Qa4 b5 13. Qb4 Bc4 14. Rfd1 $13) 12... b5 13.
Nd2 a6 (13... Nb7 14. Qe3 Qd7 15. f4 f5 $11) 14. Kh1 Nb7 15. f4 c5 $1 16. f5 (
16. d5 Bc8 17. Rac1 e6 $15) 16... Bc8 (16... gxf5 17. exf5 Bd5 18. f6 exf6 19.
Qh5 h6 20. Rae1 $14) 17. e5 {White clearly has to use strong measures in order
to parry the danger to his central pawn structure.} gxf5 (17... cxd4 18. f6 (
18. fxg6 fxg6 19. cxd4 Qxd4 20. Bxe7 $13) 18... exf6 19. Bxf8 Bxf8 20. Ne4 f5
21. Nf6+ Kh8 22. cxd4 Qxd4 $13) 18. Qh5 e6 (18... cxd4 19. Rxf5 dxc3 (19...
Bxf5 20. Qxf5 Re8 21. e6 f6 22. Qxh7+ Kf8 23. Qh5 $18) 20. Rf3 h6 21. Ne4 $40)
19. Ne4 $1 Bd7 $6 {The critical moment, black has to summon the courage for
the tactical solution.} (19... fxe4 20. Bxe4 h6 21. Bxc5 Nxc5 22. Bxa8 Bd7 23.
Bf3 Na4 $15) 20. Rf3 f6 (20... fxe4 $2 21. Bxe4 h6 22. Bxb7 $18) (20... Bc6 21.
Rg3 Kh8 22. Ng5 h6 23. Nxf7+ $18) 21. Rh3 h6 (21... fxe4 22. Qxh7+ Kf7 23. Bxe4
f5 (23... Rh8 24. Qg6+ Kf8 25. Rxh8+ Bxh8 26. Bxb7 $18) 24. Qh5+ Kg8 25. Bxb7
$18) 22. exf6 Rxf6 (22... Be8 23. Qh4 Rf7 (23... fxe4 24. fxg7 Qxh4 25. gxf8=Q+
Kxf8 26. Rxh4 $18) 24. fxg7 Qxh4 25. Rxh4 fxe4 26. Bxe4 $18) (22... Bxf6 23.
Qg6+ Bg7 24. Rxh6 fxe4 25. Qh7+ Kf7 26. Rf1+ $18) 23. Nxf6+ Qxf6 24. Qf3 Rb8 (
24... Ra7 25. Rd1 (25. dxc5 $6 Qxc3 26. Rb1 Qxa3 27. c6 Nd8 28. cxd7 Rxd7 29.
Qe2 $11) 25... cxd4 26. cxd4 $16) 25. dxc5 Nd8 (25... Qxc3 26. Rd1 Qxa3 27. c6
Bxc6 (27... Bc8 28. c7 Ra8 29. Be4 Qxf3 30. Rd8+ Kh7 31. Bxf3 $18) 28. Qxc6 Qd6
29. Rc1 $13) 26. Rd1 Bc6 (26... Qxc3 27. Bxf5 Qxf3 28. Rxf3 Bc6 29. Rfd3 $18)
27. Qg3 Rc8 (27... e5 28. c4 $16) 28. Qh4 (28. c4 $5) 28... Qxh4 (28... Qxc3 $2
29. Bxf5 Qa5 30. Bg4 $18) 29. Rxh4 Bxc3 (29... Nf7 30. c4 Ne5 31. cxb5 axb5 32.
Rh3 Ra8 33. Be2 $16) 30. Rxh6 Kg7 31. Rh3 b4 (31... Bf6 32. Bc2 $16) 32. Bc1
Ba4 (32... Bd5 33. Bxf5 Bxa2 34. Bc2 Bd5 35. Rf1 $40) 33. Bxa6 $1 Ra8 (33...
Rxc5 34. Rxd8 $18) 34. Rd6 Be5 35. Rb6 (35. Rdd3 Rxa6 36. Rxd8 Rc6 37. Be3 $18)
35... Bc7 {Even though black is about to win back the exchange price tag will
be quite great. Powerfull passed pawn on b6 and vulnerable black king will
become decisive factors.} 36. Bc4 (36. Rxb4 Rxa6 37. Ra3 Rc6 38. Raxa4 Rxc5 39.
Rc4 $18) 36... Bxb6 37. Bb2+ Kg6 (37... Kf7 38. cxb6 Rb8 39. Rh7+ Kg6 40. Rh8
Nc6 41. Rxb8 Nxb8 42. Bxe6 $18) 38. Rg3+ Kh6 (38... Kf7 39. cxb6 Ke7 40. Be5
Bc6 41. Re3 $18) 39. cxb6 Bc6 40. Bg7+ Kh7 (40... Kh5 $2 41. Be2+) 41. Be5 Ra5
(41... Rc8 42. Bc7 $18) 42. Bc7 Nf7 $2 (42... Nb7 43. Bxe6 $18) (42... Rc5 $1
43. Bf1 Nf7 44. Kg1 Rc1 $16) 43. b7 1-0